000 00726nam a2200169Ia 4500
005 20250424120247.0
008 250424s9999 xx 000 0 und d
022 _a15974324
050 _aP 87 .I58/ Communication--Periodicals. Mass media--Periodicals. Communication--Nigeria--Periodicals. Mass media--Nigeria--Periodicals.
245 0 _aInternational journal of communication: An interdisciplinary journal of communication studies
260 _aNigeria
260 _bcommunication studies
260 _c2015
300 _aix, 204 p. :ill. ; 24 cm.
650 _aCommunication--Periodicals. Mass media--Periodicals. Communication--Nigeria--Periodicals. Mass media--Nigeria--Periodicals.
942 _cSR
999 _c38301
_d38301